[Event "Cheliabinsk Panchenko Memorial op-A"]
[Site "Cheliabinsk"]
[Date "2020.09.10"]
[Round "4"]
[White "Isaev, Alexey"]
[Black "Andreev, Konstantin1111"]
[Result "0-1"]
[WhiteElo "1594"]
[BlackElo "2018"]
[PlyCount "54"]
[EventDate "2020.09.07"]
[EventType "swiss"]
[EventRounds "9"]
[EventCountry "RUS"]
[SourceTitle "CBM 198 Extra"]
[Source "ChessBase"]
[SourceDate "2020.11.30"]
[SourceVersion "1"]
[SourceVersionDate "2020.11.30"]
[SourceQuality "1"]

1. Nf3 d5 2. e3 c5 3. c4 d4 4. d3 Nc6 5. Be2 Nf6 6. exd4 cxd4 7. Bf4 e5 8. Bg3 Bd6 9. 0-0 0-0 10. Nbd2 Re8 11. a3 a5 12. Bh4 Be7 13. Bxf6 Bxf6 14. Ne4 Be7 15. Ng3 f5 16. Nd2 Bf6 17. Bf3 Be6 18. Bxc6 bxc6 19. b4 Qd6 20. Qb3 Reb8 21. Rab1 Be7 22. Nf3 axb4 23. axb4 Rxb4 24. Qxb4 Qxb4 25. Rxb4 Bxb4 26. Nxe5 Ra3 27. Nxc6 Bc5 0-1